| 000 | 005170000a22001810004500 | ||
|---|---|---|---|
| 003 | MACL | ||
| 005 | 20160304153704.0 | ||
| 008 | 160304b xxu||||| |||| 00| 0 eng d | ||
| 040 |
_aMACL _cMACL |
||
| 041 | _aHindi | ||
| 082 | _a891.432 | ||
| 100 |
_aउपेन्द्रनाथ अश्क _941697 |
||
| 245 | _aजय पराजय | ||
| 260 |
_bनीलाभ प्रकाशन _c1970 _aइलाहाबाद |
||
| 350 | _a3 | ||
| 650 |
_aLiteracture _942725 |
||
| 942 |
_cHIN _k891.432 _2ddc |
||
| 999 |
_c26155 _d26155 |
||